<?xml version="1.0" encoding="UTF-8"?><OAI-PMH xmlns="http://www.openarchives.org/OAI/2.0/" xmlns:xsi="http://www.w3.org/2001/XMLSchema-instance"     xsi:schemaLocation="http://www.openarchives.org/OAI/2.0/ http://www.openarchives.org/OAI/2.0/OAI-PMH.xsd"><responseDate>2026-05-16T04:05:53Z</responseDate><request verb="GetRecord" identifier="oai:regmurcia.com:fintegr.650" metadataPrefix="marc21">http://oai.regmurcia.com/oai2/oai2.php</request><GetRecord><record><header><identifier>oai:regmurcia.com:fintegr.650</identifier><datestamp>2026-05-16</datestamp><setSpec>documentos</setSpec></header><metadata><record  xmlns="http://www.loc.gov/MARC21/slim" xmlns:xsi="http://www.w3.org/2001/XMLSchema-instance" xsi:schemaLocation="http://www.loc.gov/MARC21/slim http://www.loc.gov/standards/marcxml/schema/MARC21slim.xsd" type="Bibliographic"><leader>00000nam a2200000   4500</leader><controlfield tag="001" >005073047</controlfield><controlfield tag="003" >650</controlfield><controlfield tag="004" >A00000000</controlfield><datafield tag="245" ind1=" " ind2=" "><subfield code="a">Testimonio de las quejas del concejo de Cartagena sobre los agravios que sufre por parte de Murcia.</subfield></datafield><datafield tag="300" ind1=" " ind2=" "><subfield code="c">225 x 156 mm., 428 x 312 mm.</subfield></datafield><datafield tag="300" ind1=" " ind2=" "><subfield code="a">7 fol.</subfield></datafield><datafield tag="351" ind1=" " ind2=" "><subfield code="a">Unidad Documental</subfield><subfield code="c">Archivo de Murcia. Array</subfield><subfield code="a">Unidad Documental</subfield><subfield code="c">Archivo de Murcia. Array</subfield></datafield><datafield tag="351" ind1=" " ind2=" "><subfield code="b">Nº 3</subfield></datafield><datafield tag="506" ind1=" " ind2=" "><subfield code="a">Acceso restringido</subfield></datafield><datafield tag="520" ind1=" " ind2=" "><subfield code="a">El documento contiene:
- Testimonio de presentación ante el concejo de Murcia por parte de Gonzalo de Palencia, regidor de Cartagena, de unos capítulos de la escritura de hermandad entre Murcia y Cartagena. (1458-11-18. Murcia). Fol. 1r-v
- Dos capítulos de la hermandad entre Murcia y Cartagena: que los vecinos de una ciudad que causen daño a los de la otra sean identificados y fraucastigados. Que los vecinos de Cartagena que acudan a Murcia con piezas de paños paguen una contribución destinada a arreglar la calzada que a través del Turbedal conduce de Murcia a Cartagena, durante un tiempo de dos años, transcurridos el cual no deberán pagar borra, molienda ni otras imposiciones en Murcia. Fol. 2r-3r. 
- Presentación por parte de Gonzalo de Palencia de un escrito del concejo de Cartagena quejándose de diversos agravios que sufren por parte de Murcia: les requisan el pescado y las bestias de transporte cuando llevan pescado a Orihuela. Han llevado a cabo medidas en las aduanas que benefician más a los vecinos de Orihuela y del marquesado de Villena que a los de Cartagena. Ciertos vecinos de Cartagena, como Juan Sánchez, les han sido tomadas sus posesiones y caballos en Murcia para venderlas. El concejo de Cartagena pide así que cesen estos agravios en virtud de la hermandad que une a ambas ciudades. (Documento insertado).
- El concejo de Murcia responde a las quejas de Cartagena. Niegan haber quebrantado dicha hermandad, habiéndose limitado a guardar las rentas del rey y a cobrarlas como se requiere, a tal efecto las mercancías que se lleven a Castilla o Aragón han de pasar por Murcia para que no se produzca ningún tipo de fraude. (1458-11-21. Murcia). Fol. 4r-6v</subfield></datafield><datafield tag="583" ind1=" " ind2=" "><subfield code="u">http://www.regmurcia.com/servlet/s.Sl?METHOD=VERDOCUMENTO&amp;sit=serv,Carmesi&amp;n=/01/1263/indice.djvu</subfield></datafield><datafield tag="592" ind1=" " ind2=" "><subfield code="a">1458-11-18/1458-11-21</subfield></datafield><datafield tag="592" ind1=" " ind2=" "><subfield code="d">1458-11-21 00:00:00</subfield></datafield><datafield tag="651" ind1=" " ind2=" "><subfield code="a">Murcia</subfield></datafield><datafield tag="786" ind1=" " ind2=" "><subfield code="o">http://www.regmurcia.com/servlet/s.Sl?METHOD=VERDOCUMENTO&amp;sit=serv,Carmesi&amp;n=/01/1263/indice.djvu</subfield></datafield><datafield tag="856" ind1=" " ind2=" "><subfield code="u">http://www.regmurcia.com/servlet/s.Sl?METHOD=DETALLE&amp;sit=c,373,m,139,serv,Carmesi&amp;id=650</subfield></datafield></record></metadata></record></GetRecord></OAI-PMH>
